LEADER 00978nam a2200241 i 4500 001 000000153204 003 CaOOAMICUS 005 20060915000000.0 008 060915s1929 it u000 u ita u 013 $a130545 040 $aSeMil$bita 100 1 $aBaldini, Antonio,$d<1889-1962>.$0(OLS)http://semarc/name/7013 245 13$aLa dolce calamita, ovvero, la donna di nessuno /$cQuattro racconti di Antonio Baldini ; con un disegno di Giorgio Morandi. 260 $aBologna :$bL'Italiano,$cstampa 1929. 300 $a284 p. :$bill. ;$c19 cm. 500 $aFondo Ciprandi. 700 1 $aMorandi, Giorgio.$0(OLS)http://semarc/name/36782 850 $aSeMil 852 $aSeMil$W1$xVenegono$y1$m1B III 99$j105148$B105148$CSeMilBibl$Z2$F114375 $81 941 1 $a1 961 $aOmaggio: Ciprandi dott. Paolo 996 $6245$aLa dolce calamita, ovvero, la donna di nessuno$9(OLS)http://semarc/title/224089 996 $6260$aBologna :$bL'Italiano$9(OLS)http://semarc/publisher/48061 LEADER 01566nas a2200301 i 4500 001 000000209921 003 CaOOAMICUS 005 20120416000000.0 008 111222b2011 it uu u0 0ita r 013 $a188713 040 $aSeMil$bita 245 10$aMigranti del Vangelo :$bdalla Valcamonica al mondo /$ca cura di Simona Negruzzo, Sergio Re. 260 $aBrescia :$bAssociazione Gente Camuna,$c2011. 260 $aBrescia :$bFondazione Civiltà Bresciana,$c2011. 260 $aBrescia :$bAssociazione per la storia della Chiesa Bresciana,$c2011. 300 $a438 p. :$bill. ;$c24 cm. 500 $aContiene : Indice dei missionari ; Indice dei luoghi di origine dei missionari ; Indice Ordini e Congregazioni ; Presenze missionarie camune nel mondo. 700 1 $aAssociazione Gente Camuna .$0(OLS)http://semarc/name/75226 700 1 $aRe, Sergio.$0(OLS)http://semarc/name/75227 700 1 $aNegruzzo, Simona.$0(OLS)http://semarc/name/21842 774 0 $t[vedi periodico].$w()276513 850 $aSeMil 852 $aSeMil$W1$xVenegono$y1$m204 5 81/S$j160372$B160372$CSeMilBibl$Z2$F174056 $85 961 $aCambio: Scuola Cattolica 996 $6245$aMigranti del Vangelo :$bdalla Valcamonica al mondo$9(OLS)http://semarc/title/303494 996 $6260$aBrescia :$bAssociazione Gente Camuna$9(OLS)http://semarc/publisher/52450 996 $6260$aBrescia :$bAssociazione per la storia della Chiesa Bresciana$9(OLS)http://semarc/publisher/35147 996 $6260$aBrescia :$bFondazione Civiltà Bresciana$9(OLS)http://semarc/publisher/31162